Städte Dänemarks - Statistiken

Allgemein
  • Dieses Quiz wurde 245 mal gespielt
  • Das Durchschnittsergebnis liegt bei 12 aus 50
Antwortstatistiken
Rang Einwohner Stadt % Korrekt
1 1.330.993 Kopenhagen
100%
2 280.534 Aarhus
89%
4 117.351 Aalborg
84%
3 180.302 Odense
82%
5 72.037 Esberg
62%
7 61.121 Kolding
51%
10 51.262 Roskilde
49%
9 57.655 Vejle
42%
16 40.981 Fredericia
41%
11 50.332 Herning
39%
6 62.482 Randers
37%
24 27.841 Sonderburg
36%
13 47.461 Helsingør
31%
8 59.449 Horsens
29%
17 40.778 Viborg
28%
14 46.923 Silkeborg
26%
41 16.425 Apenrade
25%
28 23.124 Frederikshavn
24%
18 37.754 Køge
19%
44 15.922 Middelfart
19%
15 43.803 Næstved
19%
38 16.940 Nykøbing (Falster)
19%
25 27.068 Svendborg
19%
30 22.101 Hadersleben
18%
21 34.015 Slagelse
17%
37 17.268 Nyborg
15%
49 13.772 Rönne
15%
19 36.643 Holstebro
14%
43 16.295 Kalundborg
12%
29 22.898 Ringsted
12%
26 25.780 Hjørring
11%
47 14.251 Grenaa
10%
46 14.608 Korsør
10%
23 28.833 Holbæk
9%
36 19.525 Skanderborg
9%
22 33.398 Hillerød
8%
45 15.662 Ikast
8%
33 20.573 Skive
8%
50 13.536 Thisted
8%
48 14.022 Varde
8%
34 20.345 Farum
7%
42 16.337 Frederikssund
5%
20 34.364 Taastrup
5%
32 20.823 Birkerød
3%
12 47.499 Hørsholm
3%
40 16.732 Lillerød
2%
27 23.546 Nørresundby
2%
31 22.003 Ølstykke-Stenløse
2%
35 20.025 Smørumnedre
2%
39 16.860 Solrød Strand
2%
Keine übereinstimmenden Quizze gefunden
Verteilung der Resultate
Anzahl Personen mit jedem Resultat
Perzentil nach korrekt beantworteten Fragen
Ihre Resultats-Entwicklung
Sie haben dieses Quiz noch nicht gespielt